000 00496nam a22001697a 4500
005 20260201102037.0
008 260201b |||||||| |||| 00| 0 eng d
020 _a9780521815802
_qpbk
082 _a305.260
_bOTT
100 _aR. Ottaway,Susannah
245 _aThe Decline of Life
_bOld Age in Eighteenth-Century England: 39
260 _aCambridge
_bCambridge Univ Pr
_c ‎ 23 February 2004
300 _axiv 322 p.
504 _aindex
650 _aSusannah R. Ottaway
942 _cENGLISH
999 _c609644
_d609644